Legende vom toten Soldaten - Statistics

General Stats
  • This quiz has been taken 6 times
  • The average score is 217 of 422
Answer Stats
Answer % Correct
als
100%
Da
100%
da
100%
da.
100%
das
100%
Daß
100%
daß
100%
der
100%
Der
100%
er
100%
er's
100%
es
100%
Es
100%
im
100%
In
100%
in
100%
keiner
100%
mehr
100%
nicht
100%
sah
100%
sah.
100%
so
100%
So
100%
Soldat
100%
Soldat,
100%
tote
100%
Und
100%
und
100%
vom
100%
war
100%
war:
100%
Aff.
50%
alle
50%
alles
50%
Arm
50%
Arsch.
50%
auch
50%
auf
50%
aus.
50%
Bäume
50%
Beine
50%
besoffner
50%
bewußt.
50%
brüderlich
50%
Brust
50%
Chaussee
50%
darf
50%
den
50%
deutscher
50%
die
50%
Die
50%
Dörfer
50%
Dreck
50%
dunkle
50%
durch
50%
ein
50%
Ein
50%
eine
50%
einen
50%
einer
50%
Farben
50%
Feld
50%
Flocke
50%
flöge
50%
flotten
50%
Frack
50%
französich
50%
gehn.
50%
gelernt
50%
genau
50%
geschehn.
50%
gestärkter
50%
Heldentod.
50%
her
50%
her;
50%
Herr
50%
herum
50%
hin
50%
Hinab
50%
Hund
50%
Hunden
50%
hurra.
50%
Hurra.
50%
ihn
50%
ihnen
50%
ist.
50%
johlten
50%
kann.
50%
Katzen
50%
konnte,
50%
konnte
50%
Kot.
50%
Leichenhemd
50%
malten
50%
Man
50%
man
50%
Mann
50%
Marsch.
50%
mit
50%
Mit
50%
Musik
50%
nach
50%
noch
50%
nur
50%
Pfaff
50%
pfeifen
50%
Pflicht
50%
Ratzen
50%
Sanitäter
50%
Schande
50%
schien
50%
Schmeißt
50%
Schnee.
50%
schrein
50%
schrie
50%
schritt
50%
Schwarz-Weiß-Rot
50%
sein
50%
seine
50%
Seiner
50%
sich
50%
sich,
50%
sie
50%
Sie
50%
Sonst
50%
Spielt
50%
Sturm
50%
tanzten
50%
taumelnd
50%
trugen's
50%
Tschindra
50%
Tschindrara
50%
um
50%
verneigten
50%
viele
50%
Vollmond
50%
von
50%
vor
50%
Vor
50%
voran
50%
Voran
50%
Waren
50%
waren
50%
Weib.
50%
Weib
50%
Weiber
50%
weil
50%
Weil
50%
wenn
50%
wie
50%
Wie
50%
Wiedersehn!
50%
wollen
50%
wüst:
50%
ziehn
50%
Zieht
50%
zog
50%
zogen
50%
zwei
50%
Zwei
50%
aber
0%
ärztliche
0%
aufhatte
0%
Ausblick
0%
besah
0%
blau
0%
bot
0%
dem
0%
Doch
0%
Doktor
0%
drin
0%
drückte
0%
Drum
0%
eines
0%
einzig
0%
entblößtes
0%
fand,
0%
feurigen
0%
Frieden
0%
gar
0%
Gefahr.
0%
Gefallnen
0%
gestorben
0%
geweihtem
0%
Gottesacker
0%
Gräber
0%
grub
0%
halb
0%
hängten
0%
Heimat
0%
Helm
0%
hinaus
0%
hingt
0%
ihm
0%
immer
0%
ische
0%
Kaiser
0%
kam
0%
Keinen
0%
keinen
0%
Kommission.
0%
Kommission
0%
kommt
0%
Kommt's,
0%
Konsequenz
0%
Krieg
0%
k. v.
0%
Leib
0%
Leid
0%
Lenz
0%
militär-
0%
mitten
0%
Morgenrot.
0%
Nacht
0%
Nachts
0%
nahmen
0%
oben
0%
Oder
0%
Pfaffe
0%
schlief
0%
Schnapps
0%
schon.
0%
schön.
0%
schütteten
0%
Schwestern
0%
schwingt
0%
sehn.
0%
sehn
0%
seinen
0%
sind
0%
sogleich
0%
Soldaten
0%
Sommer
0%
Spaten
0%
starb
0%
Sterne
0%
stinken
0%
stinkt
0%
tat
0%
über
0%
verwesten
0%
Verwesung
0%
vierten
0%
was
0%
Weihrauchfaß
0%
Zeit.
0%
Zum
0%
No matching quizzes found
Score Distribution
Percent of People with Each Score
Percentile by Number Answered
Your Score History
You have not taken this quiz